Statistiken für Länder Mit den Meisten McDonalds

Klicken Sie hier um das Quiz zu spielen!

Allgemein

  • Dieses Quiz wurde 120 mal gespielt
  • Das Durchschnittsergebnis liegt bei 7 aus 10

Antwortstatistiken

HintAntwort% Korrekt
1,472Deutschland
97%
2,700China
86%
1,485Frankreich
84%
2,975Japan
84%
1,450Kanada
81%
1,274Vereinigtes Königreich
75%
755Russland
71%
981Australien
64%
14,146Vereinigte Staaten von Amerika
52%
1,023Brasilien
34%

Verteilung der Resultate

Perzentil nach korrekt beantworteten Fragen

Anzahl Personen mit jedem Resultat

Ihre Resultats-Entwicklung

Sie haben dieses Quiz noch nicht gespielt